|
|
|
|
| LEADER |
00000nam1a2200000 4500 |
| 001 |
325735 |
| 005 |
20231101023906.0 |
| 035 |
|
|
|a (RuTPU)RU\TPU\book\351350
|
| 090 |
|
|
|a 325735
|
| 100 |
|
|
|a 20161212d1981 k y0rusy50 ca
|
| 101 |
0 |
|
|a rus
|
| 102 |
|
|
|a LV
|
| 200 |
1 |
|
|a Вычислительные сети коммутации пакетов
|e тезисы докладов второй Всесоюзной конференции, 1981 г., г. Рига
|e в 2 ч.
|f Академия наук Латвийской ССР (АН ЛатССР), Институт электроники и вычислительной техники (ИЭиВТ)
|
| 210 |
|
|
|a Рига
|c Изд-во ИЭиВТ
|d 1981
|
| 712 |
0 |
2 |
|a Академия наук Латвийской ССР (АН ЛатССР)
|b Институт электроники и вычислительной техники (ИЭиВТ)
|2 stltpush
|3 (RuTPU)RU\TPU\col\6601
|
| 712 |
1 |
2 |
|a Вычислительные сети коммутации пакетов
|c тезисы докладов конференции
|d 2
|e Рига
|f 1981
|4 570
|
| 801 |
|
1 |
|a RU
|b 63413507
|c 20161212
|
| 801 |
|
2 |
|a RU
|b 63413507
|c 20180919
|g RCR
|
| 942 |
|
|
|c BK
|